Cargando...
Russiayude hridayathil/
| Autor Principal: | |
|---|---|
| Formato: | Printed Book |
| Idioma: | English |
| Publicado: |
Moscow:
Progress publishers,
|
| Subjects: |
| LEADER | 00524nam a22001457a 4500 | ||
|---|---|---|---|
| 008 | 140717b xxu||||| |||| 00| 0 eng d | ||
| 082 | |a 981.73 POU/R | ||
| 100 | |a Pousthoviski,K | ||
| 245 | |a Russiayude hridayathil/ |c K Pousthoviski | ||
| 260 | |a Moscow: |b Progress publishers, | ||
| 300 | |a 288p. | ||
| 650 | |a Stories | ||
| 942 | |c BK |2 ddc | ||
| 999 | |c 257845 |d 257845 | ||
| 952 | |0 0 |1 0 |2 ddc |4 0 |6 891_730000000000000_POU_R |7 0 |9 287063 |a RUS |b RUS |c ST1 |d 2012-04-25 |i 566M |l 1 |m 1 |o 891.73 POU/R |p RUS566M |q 2020-03-08 |r 2019-04-26 |s 2019-04-26 |w 2014-02-14 |y BK | ||